| 000 | 00418pab a2200157 454500 | ||
|---|---|---|---|
| 008 | 180718b1998 xxu||||| |||| 00| 0 eng d | ||
| 100 | _aPradhan, G.C. | ||
| 245 | _aComparative inter and intra examiner reliability between marking and grading | ||
| 260 | _c1998 | ||
| 300 | _ap.6-8 | ||
| 362 | _a23 Mar | ||
| 650 | _aEducation - India | ||
| 650 | _aExamination marks | ||
| 773 | _aUniversity News | ||
| 909 | _a37192 | ||
| 999 |
_c37192 _d37192 |
||